Árboles para una capital : (Record no. 184262)

MARC details
000 -LEADER
campo de control de longitud fija 01187nam a2200289 i 4500
001 - NÚMERO DE CONTROL
campo de control 184262
003 - IDENTIFICADOR DE NÚMERO DE CONTROL
campo de control ES-MaACL
005 - FECHA Y HORA DE LA ÚLTIMA TRANSACCIÓN
campo de control 20250804063443.0
008 - DATOS DE LONGITUD FIJA--INFORMACIÓN GENERAL
campo de control de longitud fija 150603s2012 sp af |||| | spa d
020 ## - NÚMERO INTERNACIONAL ESTÁNDAR DEL LIBRO
Número Internacional Estándar del Libro 978-84-9744-127-8
080 ## - NÚMERO DE LA CLASIFICACIÓN DECIMAL UNIVERSAL
Número de la Clasificación Decimal Universal 711.4(460.27 M.)"17"
080 ## - NÚMERO DE LA CLASIFICACIÓN DECIMAL UNIVERSAL
Número de la Clasificación Decimal Universal 582.091:631.53(460.27 M.)"17"
100 1# - ENTRADA PRINCIPAL--NOMBRE DE PERSONA
Nombre de persona Crespo Delgado, Daniel,
Fechas asociadas al nombre 1974-
Término indicativo de función/relación Autor
9 (RLIN) 237517
245 10 - MENCIÓN DEL TÍTULO
Título Árboles para una capital :
Resto del título árboles en el Madrid de la Ilustración /
Mención de responsabilidad, etc. Daniel Crespo Delgado
260 ## - PUBLICACIÓN, DISTRIBUCIÓN, ETC.
Lugar de publicación, distribución, etc. [Aranjuez, Madrid] :
Nombre del editor, distribuidor, etc. Doce Calles ;
Lugar de publicación, distribución, etc. [Madrid] :
Nombre del editor, distribuidor, etc. Fundación Juanelo Turriano,
Fecha de publicación, distribución, etc. [2012]
300 ## - DESCRIPCIÓN FÍSICA
Extensión 179 páginas, [16] páginas de láminas color :
Otras características físicas ilustraciones ;
Dimensiones 24 cm
490 1# - MENCIÓN DE SERIE
Mención de serie Visiones hispanas
RLIN 225051
504 ## - NOTA DE BIBLIOGRAFÍA, ETC.
Nota de bibliografía, etc. Bibliografía: páginas 165-179
650 #4 - PUNTO DE ACCESO ADICIONAL DE MATERIA--TÉRMINO DE MATERIA
Término de materia o nombre geográfico como elemento de entrada Urbanismo-
Subdivisión geográfica Madrid-
Subdivisión cronológica S.XVIII
9 (RLIN) 156957
650 #4 - PUNTO DE ACCESO ADICIONAL DE MATERIA--TÉRMINO DE MATERIA
Término de materia o nombre geográfico como elemento de entrada Árboles-
Subdivisión general Plantación-
Subdivisión geográfica Madrid
9 (RLIN) 156958
710 2# - ENTRADA AGREGADA--NOMBRE DE ENTIDAD CORPORATIVA
Nombre de entidad corporativa o nombre de jurisdicción como elemento de entrada Fundación Juanelo Turriano
Término indicativo de función/relación Editor
9 (RLIN) 4352
830 #0 - PUNTO DE ACCESO ADICIONAL DE SERIE-TÍTULO UNIFORME
Título uniforme Visiones hispanas
9 (RLIN) 225051
852 1# - LOCALIZACIÓN
Ubicación ES-MaACL
Sublocalización o colección R.150377
Ubicación en estantería Depósito 1
Signatura antigua Olim: N-6522
Donativo/Legado Donación Fundación Juanelo Turriano
Número de control de estantería A-13522
itemnumber 191247
942 ## - ELEMENTOS DE ENTRADA SECUNDARIOS (KOHA)
Fuente del sistema de clasificación o colocación Clasificación decimal universal
Tipo de ítem Koha Libro impreso
Suprimir en OPAC No
Holdings
Estatus retirado Estado de pérdida Fuente del sistema de clasificación o colocación Estado de daño No para préstamo Biblioteca de origen Biblioteca actual Ubicación en estantería Fecha de adquisición Fuente de adquisición Total de préstamos Signatura topográfica completa Código de barras Visto por última vez Tipo de ítem Koha
    Clasificación decimal universal     Biblioteca del Ateneo de Madrid Biblioteca del Ateneo de Madrid Depósito 1 03/06/2015 Donación   A-13522 1193826 23/02/2023 Libro impreso